Statistics for 500 største byer i Danmark (på kort)

Click here to take the quiz!

General Stats

  • This quiz has been taken 297 times
  • The average score is 121 of 500

Answers on the Map

Answers color-coded by a green-red scale on the quiz's map according to % correct below.
 

Answer Stats

PopulationCity/ Town% Correct
285,273Aarhus
94%
1,345,562Hovedstadsområdet
94%
119,862Aalborg
90%
180,863Odense
89%
7,571Skagen
89%
71,698Esbjerg
86%
1,843Frederiks
86%
50,565Herning
84%
1,054 | 60,231Vejle
83%
22,672Frederikshavn
81%
62,802Randers
81%
16,911Nykøbing F
80%
9,033Nykøbing M
80%
5,002Nykøbing S
80%
61,074Horsens
79%
51,916Roskilde
79%
40,886Fredericia
77%
35,357Hillerød
77%
49,747Silkeborg
77%
34,636Slagelse
77%
13,807Rønne
75%
27,766Sønderborg
74%
13,461Thisted
74%
41,239Viborg
74%
47,257Helsingør
73%
61,638Kolding
73%
25,644Hjørring
72%
16,277Middelfart
72%
27,300Svendborg
72%
38,304Køge
70%
20,190Skive
70%
12,071Hobro
69%
7,505Tønder
69%
1,431 | 6,050Assens
68%
6,725Billund
68%
15,979Ikast
68%
44,331Næstved
68%
17,525Nyborg
68%
19,963Skanderborg
68%
6,944Faaborg
67%
16,211Kalundborg
67%
36,489Holstebro
65%
7,999Sorø
65%
7,204Ebeltoft
64%
22,011Haderslev
64%
14,463Korsør
64%
1,296Lem
64%
8,257Ribe
64%
14,039Varde
64%
16,401Aabenraa
63%
29,608Holbæk
63%
47,680Hørsholm
63%
11,943Vordingborg
63%
5,532Hirtshals
62%
9,894Ringkøbing
62%
23,086Ringsted
62%
12,401Dragør
60%
16,850Frederikssund
60%
6,042Kerteminde
60%
12,495Nakskov
60%
7,862Skjern
60%
10,009Vejen
60%
12,718Frederiksværk
59%
14,176Grenaa
59%
7,449Brande
58%
12,549Brønderslev
58%
23,736Nørresundby
58%
12,454Odder
58%
10,129Struer
57%
20,312Farum
56%
6,781Gilleleje
56%
35,238Taastrup
56%
8,474Aars
54%
8,543Hundested
54%
8,838Sæby
53%
1,459Allinge-Sandvig
52%
5,722Maribo
52%
17,337Solrød Strand
51%
1,700Vig
51%
3,133Nørre Aaby
49%
7,475Vojens
49%
20,877Birkerød
48%
7,437Bjerringbro
48%
4,059Bogense
48%
4,246Faxe
48%
2,874Hvide Sande
48%
8,965Fredensborg
47%
2,104Hanstholm
47%
12,220Hedensted
47%
6,816Lemvig
47%
3,668Nexø
47%
7,111Bramming
46%
10,134Jyllinge
46%
4,010Tarm
46%
9,750Grindsted
44%
7,151Ry
44%
6,472Skælskør
44%
4,550Give
43%
8,254Hadsten
43%
4,973Hadsund
43%
2,521Hals
43%
5,433Nibe
43%
4,521Rudkøbing
43%
1,917 | 7,650Svenstrup
43%
1,890Thyborøn
43%
3,877Frederiksberg
42%
6,854Hammel
42%
16,741Lillerød
42%
3,967Løgstør
42%
2,506Mariager
42%
3,487Dronninglund
41%
1,634Hasle
41%
5,709Nordborg
41%
13,663Hedehusene
40%
2,355Kås
40%
4,311Padborg
40%
9,089Støvring
40%
8,616Helsinge
38%
8,164Hinnerup
38%
4,053Juelsminde
38%
7,997Nivå
38%
22,658Ølstykke-Stenløse
38%
3,857Præstø
38%
5,950Rødekro
37%
3,349Farsø
36%
9,758Humlebæk
36%
1,166Ishøj Landsby
36%
3,658Jelling
36%
3,127Lejre
36%
3,480Løgumkloster
36%
1,983Rødby
36%
6,318Aabybro
35%
9,045Beder-Malling
35%
1,414Harboøre
35%
12,119Haslev
35%
1,608Løkken
35%
10,273Lystrup
35%
6,474Ringe
35%
1,723Sønder Omme
35%
1,437Ålbæk
33%
13,069Værløse
33%
8,395Hørning
32%
4,325Jyderup
32%
3,792Stege
32%
4,773Viby
32%
2,509Vrå
32%
4,728Borup
31%
9,004Galten
31%
3,280Thurø By
31%
3,326Fjerritslev
30%
8,659Løgten
30%
2,901Lund
30%
3,705Ølgod
30%
5,236Hornbæk-Dronningmølle
28%
2,120Marstal
28%
2,815Oksbøl
28%
4,595Sakskøbing
28%
6,826Slangerup
28%
20,657Smørumnedre
28%
2,119Aakirkeby
27%
6,319Børkop
27%
2,521Gram
27%
6,171Hornslet
27%
4,020Jægerspris
27%
2,811Langå
27%
3,191Rønde
27%
4,872Strib
27%
4,242Videbæk
27%
2,624Brovst
26%
4,235Hjallerup
26%
3,046Holsted
26%
1,316Nørre Nebel
26%
2,290 | 3,135Skærbæk
26%
1,992Vester Nebel
26%
1,395Glyngøre
25%
3,990Harlev
25%
2,865Hårlev
25%
4,222Langeskov
25%
1,079Svaneke
25%
4,274Gråsten
23%
5,269Otterup
23%
3,095Sindal
23%
4,809Vamdrup
23%
3,259Aarup
22%
4,516Brørup
22%
3,590Hjortshøj
22%
1,102Højer
22%
5,064Kjellerup
22%
1,560Kruså
22%
2,736Nordby
22%
2,862Pandrup
22%
4,239Sunds
22%
2,904Tjæreborg
22%
3,759Tølløse
22%
5,300Tune
22%
4,663Vodskov
22%
1,412
Bredebro
21%
2,977Christiansfeld
21%
1,259Holme-Olstrup
21%
2,667Kibæk
21%
3,016Lunderskov
21%
2,971Skørping
21%
3,240Toftlund
21%
1,094Asaa
20%
1,698Mørke
20%
5,571Munkebo
20%
1,338Thyregod
20%
2,945Tørring
20%
4,029Vildbjerg
20%
2,780Aalestrup
19%
1,285Agerbæk
19%
1,978 | 2,140 | 3,098Ejby
19%
1,641Hov
19%
2,712Rødding
19%
3,171Augustenborg
17%
3,249Aulum
17%
4127Dianalund
17%
4,355Høng
17%
1,114Klitmøller
17%
2,731Tinglev
17%
1,433Tistrup
17%
1,545Tommerup
17%
2,482Tommerup Stationsby
17%
1,300Vorbasse
17%
1,206Agerskov
16%
3,060Brejning
16%
3,561Græsted
16%
2,705Hurup
16%
2,189Karup
16%
2,379Nørre Alslev
16%
1,932Nørre Snede
16%
1,292Nysted
16%
2,413Østbirk
16%
1,187Øster Snede
16%
1,287Østervrå
16%
1,544Rødbyhavn
16%
3,120Skibby
16%
1,705Tarp
16%
1,873Tårs
16%
1,444Tisvilde
16%
1,989Ulfborg
16%
3,232Vissenbjerg
16%
1,912Ans
15%
1,067Bække
15%
2,884Faxe Ladeplads
15%
1,042Rørvig
15%
3,425Storvorde
15%
4,267Svogerslev
15%
1,258Tylstrup
15%
3,077Vinderup
15%
2,505Arden
14%
1,881Askov
14%
3,061Auning
14%
1,615Biersted
14%
1,858Fårevejle Stationsby
14%
3,344Glamsbjerg
14%
1,741Gørding
14%
4,294Kirke Hvalsø
14%
2,289Kirke Hyllinge
14%
5,004Mårslet
14%
1,858Rødvig
14%
1,273Skodborg
14%
3,668Store Heddinge
14%
2,226Strandby
14%
2,268Stubbekøbing
14%
3,402Taulov
14%
2,532Vadum
14%
2,343Vipperød
14%
3,100Asnæs
12%
2,389Bording
12%
3,992Brædstrup
12%
1,411Brenderup
12%
3,238Broager
12%
2,268Fuglebjerg
12%
3,664Gistrup
12%
2,412Hørve
12%
4,969Klarup
12%
2,322Løjt Kirkeby
12%
4,163Lynge
12%
1,040Outrup
12%
1,768Ryslinge
12%
4,581Sejs-Svejbæk
12%
1,276Vemb
12%
1,289Alslev
11%
1,153Egebæk
11%
1,168Elling
11%
2,060Engesvang
11%
3,056Frejlev
11%
1,058Gredstedbro
11%
2,005Jels
11%
1,519Nørhalne
11%
1,491Sengeløse
11%
1,759Skals
11%
3,319Søndersø
11%
2,533Stoholm
11%
1,524Sulsted
11%
3,065Sundby
11%
3,191Trige
11%
1,973Ulstrup
11%
2,888Vestbjerg
11%
1,801Allingåbro
10%
1,385Andrup
10%
1,277Ansager
10%
1,317Bylderup-Bov
10%
1,398Gjern
10%
2,464Haarby
10%
1,296Møldrup
10%
1,269Skodsborg
10%
3,072Søften
10%
1,351Spjald
10%
4,654Strøby Egede
10%
2,862Svinninge
10%
2,589Vester Hassing
10%
4,193Årslev
9%
3,811Assentoft
9%
1,044Brobyværk
9%
2,339Dybbøl
9%
1,170 | 1,711Gelsted
9%
5,790Hellebæk
9%
2,833Højslev Stationsby
9%
1,651Kirke Såby
9%
2,507Liseleje
9%
1,515Næsbyhoved-Broby
9%
1,460Nørre Broby
9%
2,161Nørre Lyndelse
9%
1,697Rødkærsbro
9%
1,065Sommersted
9%
1,176Tuse
9%
1,317Tvis
9%
1,675Ågerup
7%
1,586
Gislinge
7%
2,446Egtved
7%
5,110Fensmark
7%
2,892Ganløse
7%
2,397Gørlev
7%
2,770Gundsømagle
7%
4,365Havdrup
7%
1,422Højby
7%
2,392Karise
7%
1,894Ølsted
7%
1,696Ruds Vedby
7%
2,498Ryomgård
7%
3,164Sankt Klemens
7%
1,345Søllested
7%
2,280Svebølle
7%
1,309Thorsager
7%
5,483Bellinge
6%
2,093Fraugde
6%
1,570Gammel Rye
6%
2,121Glumsø
6%
1,069Hvidbjerg
6%
1,830Karrebæksminde
6%
1,233Kliplev
6%
1,327Kongerslev
6%
1,719Kværndrup
6%
1,063Lisbjerg
6%
1,504Ollerup
6%
2,204Osted
6%
2,146Rantzausminde
6%
2,746Rønnede
6%
1,247Roslev
6%
2,613Skævinge
6%
4,240Solbjerg
6%
2,025Sønder Bjert
6%
1,351Suldrup
6%
1,127Veddelev
6%
1,090Vester Skerninge
6%
3,059Vindinge
6%
3,609Virklund
6%
1,185Balling
5%
2,988Bjæverskov
5%
1,696Ejstrupholm
5%
2,014Gadstrup
5%
1,573Gandrup
5%
1,649Gevninge
5%
1,400Holeby
5%
1,634Hornsyld
5%
2,701Høruphav
5%
2,253Hovedgård
5%
1,907Kolind
5%
1,133Kvistgård
5%
1,989Låsby
5%
1,820Mørkøv
5%
2,093Nødebo
5%
1,702Ørbæk
5%
1,397Ørsted
5%
1,063Øster Hornum
5%
1,548Over Holluf
5%
1,213Rinkenæs
5%
3,330Sabro
5%
1,348Saunte
5%
2,427Skibet
5%
1,999Stenlille
5%
1,060Stjær
5%
1,663Tappernøje
5%
1,650Terndrup
5%
1,240Troense
5%
2,640Ullerslev
5%
2,339Vindeby
5%
1,672Voel
5%
1,660Almind
4%
2,968Blovstrød
4%
1,711Bredsten
4%
1,527Bryrup
4%
1,190Esbønderup
4%
1,066Eskilstrup
4%
1,983Gullestrup
4%
1,823Hatting
4%
1,098Hjerm
4%
1,939Løgstrup
4%
1,060Mou
4%
1,540Ramløse
4%
2,128Regstrup
4%
1,195Smidstrup
4%
2,376Them
4%
1,377Uldum
4%
1,333Væggerløse
4%
1,540Annisse Nord
2%
1,693Bremdal
2%
1,293Brylle
2%
1,083Dall Villaby
2%
2,969Egebjerg
2%
1,665Elev
2%
2,571Forlev
2%
1,117Gårslev
2%
1,241Gislev
2%
2,228Græse Bakkeby
2%
1,282Grejs
2%
2,372Guderup
2%
1,482Herlufmagle
2%
1,607Hjordkær
2%
1,052Knabstrup
2%
1,565Lille Skensved
2%
2,011Mogenstrup
2%
1,832Morud
2%
1,153Nørager
2%
1,059Nors
2%
1,281Ny Hammersholt
2%
2,488Nyråd
2%
1,420Ørum
2%
1,159Snedsted
2%
1,435Sønder Felding
2%
1,120Sørvad
2%
1,790Søvang
2%
1,779Stenstrup
2%
1,936Ubby
2%
1,792Veksø
2%
1,621Vemmedrup
2%
1,309Ågård
1%
1,134Bolderslev
1%
2,253Dalby
1%
1,478Egernsund
1%
1,349Fårvang
1%
1,124Gadevang
1%
2,336Gedved
1%
1,211Gørløse
1%
1,770Nordbyen
1%
1,136Nybøl
1%
1,489Ødsted
1%
1,122Over Jerstal
1%
1,128Rask Mølle
1%
1,814Skårup
1%
1,091Sørbymagle
1%
2,488Starup
1%
1,585Stensved
1%
1,184Store Merløse
1%
1,183Tulstrup
1%
1,489Ugelbølle
1%
1,138Valsgård
1%
1,082Vejby
1%
1,432Vester Sottrup
1%
1,175Blistrup
0%
1,111Daugård
0%
1,194Ebberup
0%
1,304Ejlstrup
0%
1,061Felsted
0%
1,201Folby
0%
1,221Harridslev
0%
1,153Idestrup
0%
1,101Jebjerg
0%
1,351Lindved
0%
1,852Ørslev
0%
1,155Sorring
0%
1,062Søvind
0%
2,351Spentrup
0%
1,052Spørring
0%
2,545Stevnstrup
0%
1,192Stubbæk
0%
1,751Thorsø
0%
1,147Undløse
0%
1,077Uvelse
0%
1,061Vinderød
0%
1,093Virring
0%

Score Distribution

Percentile by Number Answered

Percent of People with Each Score

Your Score History

You have not taken this quiz